Marine ecologonomics: the ecology and economics of marine natural resources management
I tiakina i:
| Kaituhi matua: | |
|---|---|
| Hōputu: | Pukapuka |
| Reo: | Ingarihi |
| I whakaputaina: |
Amsterdam
Elsevier
1999
|
| Rangatū: | Developments in Environmental Economics, 6
|
| Ngā marau: | |
| Ngā Tūtohu: |
Tāpirihia he Tūtohu
Kāore He Tūtohu, Me noho koe te mea tuatahi ki te tūtohu i tēnei pūkete!
|
MARC
| LEADER | 00000nam a2200000 a 4500 | ||
|---|---|---|---|
| 001 | UCL3299 | ||
| 003 | CL-VaPUC | ||
| 008 | 031121e19990000NE |||||||||||||||||eng|d | ||
| 020 | |a 0444826599 | ||
| 082 | 0 | 4 | |a 333.9528 |b SOU |2 21 |
| 100 | 0 | |a Souvorov, Aleksandr V |e author |9 480621 | |
| 245 | 1 | 0 | |a Marine ecologonomics: the ecology and economics of marine natural resources management |
| 300 | |a 218 p | ||
| 942 | |c BK | ||
| 945 | |d 20031121 00:00:00 |a cmena | ||
| 260 | |a Amsterdam |b Elsevier |c 1999 | ||
| 650 | 0 | |a Recursos marinos |9 261196 | |
| 650 | 7 | |a CONSERVACION DE LOS RECURSOS MARINOS |2 CL-VaPUC |9 261851 | |
| 650 | 0 | |a Ecología marina |9 259946 | |
| 650 | 0 | |a Protección del medio ambiente |9 257626 | |
| 583 | |a last modification |c 20031121 00:00:00 |k Rodrigo Vera | ||
| 490 | 0 | |a Developments in Environmental Economics, 6 | |
| 999 | |c 306411 |d 306409 | ||
| 952 | |0 0 |1 0 |4 0 |6 333_952800000000000_SOU_1999 |7 0 |8 CCM |9 371415 |a BIBCUR |b BIBCUR |d 2019-11-21 |i 3968227 |o 333.9528 SOU 1999 |p 3968227 |r 2025-04-22 |w 2019-11-21 |y BK |k CIM | ||